<?xml version="1.0" encoding="UTF-8"?>
<record
    xmlns:xsi="http://www.w3.org/2001/XMLSchema-instance"
    xsi:schemaLocation="http://www.loc.gov/MARC21/slim http://www.loc.gov/standards/marcxml/schema/MARC21slim.xsd"
    xmlns="http://www.loc.gov/MARC21/slim">

  <leader>00834nam a2200205 i 4500</leader>
  <controlfield tag="001">107623</controlfield>
  <controlfield tag="003">ES-MaACL</controlfield>
  <controlfield tag="005">20251009195332.0</controlfield>
  <controlfield tag="007">t|</controlfield>
  <controlfield tag="008">061121s1955    sp      r    ||||1| cat d</controlfield>
  <datafield tag="100" ind1="1" ind2=" ">
    <subfield code="a">Moscard&#xF3; Cervera, Federico.</subfield>
    <subfield code="9">83741</subfield>
  </datafield>
  <datafield tag="245" ind1="1" ind2="0">
    <subfield code="a">Valencia i el General Espartero </subfield>
    <subfield code="b">: abdicaci&#xF3; i retorn de la Reina Governadora a Val&#xE8;ncia (1840-1844) / </subfield>
    <subfield code="c">per Frederic Moscard&#xF3; Cervera; pr&#xF2;leg de Josep Mar&#xED;a Gim&#xE9;nez Fayos ; dibuixos d'Antoni Ferrer.</subfield>
  </datafield>
  <datafield tag="260" ind1=" " ind2=" ">
    <subfield code="a">Valencia : </subfield>
    <subfield code="b">[s.n], </subfield>
    <subfield code="c">[1955?] (</subfield>
    <subfield code="f">Imp. V. Cortell)</subfield>
  </datafield>
  <datafield tag="300" ind1=" " ind2=" ">
    <subfield code="a">136 p. : </subfield>
    <subfield code="b">il. ; </subfield>
    <subfield code="c">17 cm.</subfield>
  </datafield>
  <datafield tag="651" ind1=" " ind2="4">
    <subfield code="a">Espa&#xF1;a-</subfield>
    <subfield code="x">Historia-</subfield>
    <subfield code="y">1840-1843, Regencia de Espartero.</subfield>
    <subfield code="9">167869</subfield>
  </datafield>
  <datafield tag="700" ind1="1" ind2=" ">
    <subfield code="a">Gim&#xE9;nez Fayos, Josep Maria.</subfield>
    <subfield code="9">57046</subfield>
  </datafield>
  <datafield tag="700" ind1="1" ind2=" ">
    <subfield code="a">Ferrer, Antonio, </subfield>
    <subfield code="d">n. 1899</subfield>
    <subfield code="9">161893</subfield>
  </datafield>
  <datafield tag="852" ind1=" " ind2=" ">
    <subfield code="a">ES-MaACL</subfield>
    <subfield code="j">C-11126 </subfield>
    <subfield code="b">R.38787</subfield>
  </datafield>
  <datafield tag="999" ind1=" " ind2=" ">
    <subfield code="c">107623</subfield>
    <subfield code="d">107623</subfield>
  </datafield>
  <datafield tag="952" ind1=" " ind2=" ">
    <subfield code="0">0</subfield>
    <subfield code="1">0</subfield>
    <subfield code="4">0</subfield>
    <subfield code="7">0</subfield>
    <subfield code="a">ATENEOM</subfield>
    <subfield code="b">ATENEOM</subfield>
    <subfield code="c">SPAL</subfield>
    <subfield code="d">2008-01-17</subfield>
    <subfield code="e">SC</subfield>
    <subfield code="l">0</subfield>
    <subfield code="o">C-11126</subfield>
    <subfield code="p">1112318</subfield>
    <subfield code="r">2023-02-23 00:00:00</subfield>
    <subfield code="w">2023-02-23</subfield>
    <subfield code="y">MONOGRAFIA</subfield>
  </datafield>
</record>
